000 00332nam a22001337a 4500
008 250703b |||||||| |||| 00| 0 eng d
020 _a9783671146
050 _aHD6280
_b.S36
100 _aJOSEPH E. Obi
245 _aThe Scourge of Child Labour
260 _aLagos Nigeria
_bNiss Publications
_c2004
300 _a222p.
942 _cBK
999 _c4071
_d4071